Quizzes
Events
Quiz Creation
Community
Videos
Private Events
Remove Ads
Sign In
Join for FREE
Feedback
Dark Mode
Quiz Categories
Sports
Geography
Music
Movies
Television
Just For Fun
Miscellaneous
History
Literature
Language
Science
Gaming
Entertainment
Religion
Holiday
For Kids
Quiz Lab
Recent
Popular Today
Quiz Kudos Today
Editor Picks
Curator Picks
Quizzes by...
Day
Popularity
Type
Ratings
Length
Year
Community
Subscriptions
Recent Discussions
Orange Saloon
Badges
Playlists
Quests
Create
Leaderboards
Showdown
Live 5
Trivia Bingo
Activity
Puzzle Library
Sporcle Events
Private Events
Virtual Trivia
Globe League
Become a Host
Pub Owners
SporcleCon
Opinionation
Our Games
Videos
Blog
Mobile Apps
Partnerships
Remove Ads and Go Orange
Feedback
Entertainment
Celebrity
Famous
Musical
Broadway
Show
Quote
Comic Books
Anime
Superhero
DC Comics
Marvel
Cartoons
Animation
Entertainment
Celebrity
Famous
Musical
Broadway
Show
Quote
Comic Books
Anime
Superhero
DC Comics
Marvel
Cartoons
Animation
Random Quiz
Search Sporcle
×
Quiz Lab
Quiz Lab
Entertainment
Monster
Type in answers that appear in a list
Type in answers that appear in a list
Classic
Best Score? Go Orange.
My Singing Monsters Quiz Stats
Can you name the My Singing Monsters Quiz?
By
Heyosimba
10m
90 Questions
68 Plays
68 Plays
68 Plays
Comments
Comments
Give Quiz Kudos
Give Quiz Kudos
-
- Ratings
hide this ad
Replay
Link that replays current quiz
Next Quiz
Link to next quiz in quiz playlist
You Got
0%
They Got
Avg Score
45%
Avg Friend Score
Upgrade to see
Score Distribution
Jump to the score distribution portion of the page
Score
0/90
Timer
10:00
0
Plays Today
Hint
Answer
% Correct
Mammott
83.8%
Noggin
82.4%
Potbelly
69.1%
Tweedle
67.6%
Toe Jammer
67.6%
Maw
66.2%
Entbrat
64.7%
Furcorn
63.2%
Fwog
61.8%
Drumpler
60.3%
Shrubb
58.8%
Oaktopus
58.8%
Re
58.8%
Dandidoo
57.4%
Cybop
57.4%
Deedge
57.4%
Kayna
55.9%
Quibble
55.9%
T-Rox
55.9%
Bowgart
55.9%
PomPom
55.9%
So
55.9%
Riff
54.4%
Do
54.4%
Pango
52.9%
Shellbeat
52.9%
Quarrister
52.9%
Ghazt
52.9%
Ti
52.9%
Clamble
51.5%
Hint
Answer
% Correct
Congle
51.5%
Me
51.5%
Fa
51.5%
Spunge
50%
Thumpies
50%
La
50%
Scups
48.5%
Humbug
48.5%
Wubbox
48.5%
Pummel
47.1%
Whisp
47.1%
Reedling
45.6%
Reebro
45.6%
Brump
45.6%
Grumpyre
44.1%
Jeeode
44.1%
Zynth
44.1%
Thwok
41.2%
Dwumrohl
41.2%
Bona-Petite
41.2%
Shugabush
41.2%
Yool
41.2%
Hoola
41.2%
Screemu
39.7%
Whajje
39.7%
Poewk
38.2%
Punkleton
38.2%
Blabbit
38.2%
G'joob
38.2%
Boodoo
36.8%
Hint
Answer
% Correct
Dragong
36.8%
Fung Pray
36.8%
Zuuker
36.8%
Blipsqueak
36.8%
Astropod
36.8%
Fleechwurm
36.8%
Sox
35.3%
Bellowfish
35.3%
Maulch
35.3%
Jellbilly
33.8%
Tympa
33.8%
Dermit
33.8%
Gheegur
33.8%
Scargo
33.8%
Yawstrich
33.8%
Arackulele
32.4%
Kazilleon
32.4%
Pixolotl
32.4%
Shugabass
32.4%
Shugitar
32.4%
Parlsona
31.3%
Tawkerr
31.3%
Shugavox
30.9%
Creepuscule
29.4%
Shugajo
29.4%
Shugabeats
29.4%
Shugabuzz
27.9%
Shugarock
23.5%
Nebublob
17.6%
Schmoochie
8.8%
Quiz Playlist
Details
Report
Send in Message
Add To Playlist
Classic:
Type in answers that appear in a list
Last Updated: Aug 14, 2017
Quiz Scoreboard
CHALLENGE
Sign Up to Join the Scoreboard
Show All
Scores
Hide
Comments
May contain spoilers
Recently Published
9x9 Crossword: Cartoon Network
by jackfrog10
Miscellaneous
3m
College Basketball Coaching Resumes
by pancakes188
Sports
9m
Billboard Blitz: Fleetwood Mac
by CooCooCachoo
Music
15s
More to Explore
Quiz From the Vault
Featured Blog Post
Where Did the Easter Bunny Come From?
hide this ad
You Might Also Like...
Tags
Monster
Singing
Today's Top Quizzes in Entertainment
Browse Entertainment
hide this ad
Today's Top Quizzes in Monster
Browse Monster
Top Contributed Quizzes in Entertainment
1
7-to-1: DC Comics Villains
2
Marvel Characters Bunker
3
Eurovision 2023 Logic Puzzle
4
Dragon Ball Z: Goku's Fights in Order
5
Criteria Quickie: Cartoon Taxonomy II
6
Sorting Pictures: Villains
7
Kamen Rider Motifs
8
Mini Trivia Sudoku: Musicals
9
Fictional Villains Letter U Blitz
10
7-to-1: One Piece
Explore More
Trending Topics
NBA
Marvel
Kpop
Harry Potter
Anime
Crossword
Disney
The Office
Soccer
Puzzle
Country
NFL
Song
Pokémon
WWE
hide this ad
More By:
Heyosimba
Quiz
Plays
Rating
Category
Featured
Created
Rotten Tomatoes: 100 Best Movies
321
2.57
Entertainment
Dec 21, 2016
300 highest grossing films of all time
187
5.00
Entertainment
Dec 29, 2016
My Singing Monsters Quiz
68
Entertainment
Aug 13, 2017
Highest Career PPG by NBA Draft Class
68
5.00
Sports
May 24, 2020
50 Highest Grossing Movies Before 2000
56
4.00
Movies
Nov 9, 2021
Go to Creator's Profile
Score Distribution
Quiz Creator Spotlight
Heyosimba
Follow
Send a Message
Quizzes Created
-
Created Quiz Play Count
-
More By This Creator
Popular Quizzes Today
1
Find the US States - No Outlines Minefield
2
Find the Countries of Europe - No Outlines Minefield
3
The Countries of the World
4
Find the US States
5
Risky Map Clicking: Biggest States A-Z
6
US States
7
Popular People in 1961
8
Movies - When Are They Set?
More Entertainment Quizzes
Attack on Titan Characters I
Curator's Pick
Trending Quizzes
Risky Map Clicking: Least Populous States A-Z
1-10 Letter G Words
1-10 Letter F Words
Risky Map Clicking: Next State Alphabetically
Adjectives in 80s TV Shows
Recently Updated
Leaping Animals
pecheneg
Reality TV Shows (A-Z)
bhenderson79
Rickey Henderson's Hall of Fame Teammates
pecheneg
Champions League XIs: Arsenal
pecheneg
Quick Pick: Celebrities in WWE's Hall of Fame
aduchscher
A-Z Keypad Blitz II
pecheneg
Multiple Oscar Actors
pecheneg
Mystery Phrase Blitz: Oscar 'Best Actors'
pecheneg
F. Scott Fitzgerald Novels
LTH
Pick 3 Villains
ddd62291
Trending Topics
Anime
Kpop
Crossword
Disney
Harry Potter
Marvel
NBA
WWE
Puzzle
Song
The Office
Pokémon
Soccer
Country
NFL
Your Account Isn't Verified!
In order to create a playlist on Sporcle, you need to verify the email address you used during registration. Go to your
Sporcle Settings
to finish the process.
Report this User
Report this user for behavior that violates our
Community Guidelines
.
Details:
Send Report
Go to the Sporcle.com Mobile Site →
Comments